| 000 | 00357nam a22001337a 4500 | ||
|---|---|---|---|
| 999 |
_c4781 _d4781 |
||
| 008 | 200901b ||||| |||| 00| 0 eng d | ||
| 082 | 0 | 0 |
_a005.369 _bS344 |
| 100 |
_93811 _aSchlieve, Paul L. |
||
| 245 | 1 | 0 |
_aIllustrated AutoCAD release 11 / _cby Paul L. Schlieve |
| 260 |
_aNew Delhi: _bBPB, _c1992. |
||
| 300 | _ax, 550 p. | ||
| 650 | 0 | _aAutoCAD | |
| 942 | _cBK | ||